| 000 | 00549nam a22001817a 4500 | ||
|---|---|---|---|
| 005 | 20251108171131.0 | ||
| 008 | 250721s1984 xx 000 0 ara d | ||
| 082 | 1 | 4 | _a215.9/امن |
| 100 | 1 | _aنصير، آمنة محمد | |
| 245 | 1 | 0 | _aأضواء و حقائق على البابية - البهائية - القاديانية / |
| 264 | 1 |
_aبيروت : _bدار الشروق، _c1984. |
|
| 300 | _a109ص. | ||
| 650 | 1 | 7 | _aالبابية |
| 650 | 1 | 7 | _aالبهائية |
| 650 | 1 | 7 | _aالقاديانية |
| 942 |
_2ddc _cBK |
||
| 999 |
_c57475 _d57475 |
||